| 000 | 00562nam a2200193 a 4500 | ||
|---|---|---|---|
| 005 | 20220812063731.0 | ||
| 008 | 991125s1962 new 000 0 eng u | ||
| 035 | _aUPN01000008829 | ||
| 049 | _aCG | ||
| 050 | 4 |
_aLA227 _bF5.3 |
|
| 100 | 1 | _aFields, Ralph R. | |
| 245 | 1 | 4 |
_aThe community college movement / _cRalph R. Fields. |
| 260 |
_aNew York : _bMcGraw-Hill, _c1962. |
||
| 300 | _a350 p. | ||
| 440 | 0 | _aMcGraw-Hill series in education | |
| 650 | 4 |
_aUNIVERSIDADES Y COLEGIOS - _zESTADOS UNIDOS _925132 |
|
| 650 | 4 |
_aComunidad y escuela _99258 |
|
| 905 | _aLibro | ||
| 999 |
_c8829 _d8829 |
||